Bandiere casuali °5 - Statistics

Statistiche generali
  • Questo quiz è stato fatto 30 volte
  • Il punteggio medio è 14 su 16
Statistiche sulle risposte
con Immagini Risposta % Corretto
Argentina
100%
Iran
100%
Regno unito
100%
San marino
97%
Venezuela
97%
Barbados
90%
Kirghizistan
90%
Niger
90%
Taiwan
90%
Gabon
86%
Lituania
86%
Turkmenistan
83%
Nauru
79%
Stati federati di micronesia
79%
Guatemala
76%
Samoa
38%
Nessun quiz corrispondente trovato
Distribuzione punteggi
Percentuale di utenti per punteggio
Percentile per numero di risposta
I tuoi punteggi nel tempo
Non hai fatto questo quiz